Shakti (Record no. 12850)

MARC details
000 -LEADER
fixed length control field 00738nam a2200265 a 4500
020 ## - INTERNATIONAL STANDARD BOOK NUMBER
ISBN 0916256
082 00 - DEWEY DECIMAL CLASSIFICATION NUMBER
Classification number 294.5514
Author Cutter WAD
100 ## - MAIN ENTRY--AUTHOR NAME
Author name Wadley, Susan Snow
245 ## - TITLE STATEMENT
Title Shakti
Sub title Power in the Conceptual Structure of Karimpur Religion
260 ## - PUBLICATION, DISTRIBUTION, ETC. (IMPRINT)
Place of publication Chicago
Name of publisher University of Chicago Press
Year of publication 1975
300 ## - PHYSICAL DESCRIPTION
Number of Pages 222p
500 ## - GENERAL NOTE
General note includes index and biblioraphy
505 2# - FORMATTED CONTENTS NOTE
Formatted contents note References
650 ## - SUBJECT ADDED ENTRY--TOPICAL TERM
Topical Term Shaktaism-Hinduism
650 ## - SUBJECT ADDED ENTRY--TOPICAL TERM
Topical Term Hinduism-Rituals
650 ## - SUBJECT ADDED ENTRY--TOPICAL TERM
Topical Term Karimpur-India-Religious Life & Cus
942 ## - ADDED ENTRY ELEMENTS (KOHA)
Koha item type Books
700 1# -
-- Wadley, Susan Snow
Holdings
Collection code Home library Current library Date acquired Cost, normal purchase price Full call number Accession Number Koha item type
  Henry Martyn Institute Library Henry Martyn Institute Library 07/24/2007 318.50 294.5514 WAD 019327 Books
                   Copyright © 2026 | Henry Martyn Institute | Hyderabad | TS-500052 | INDIA | Implemented by hmi.edu.in
Hit-Count:

Powered by Koha